01157 2200217 4500001002100000005001500021008004100036020001800077035001900095041000800114082001100122084001700133100001800150245005300168250001200221260003200233300002800265504001000293520062100303650001500924INLIS00000000000494320200508202937200508||||||||| | ||| |||| ||eng|| a9780073217093 0010-0520004943 aeng0 a001.01 a001.01/WHI/F0 aMark A. White00aFinancial Analysis with an Electronic Calculator a6th ed. aNew YorkbMcGraw Hillc2007 a167p.b:illus.;c26 cm. ap.167 aNow in its sixth edition, Financial Analysis with an Electronic Calculator by Mark A. White, University of Virginia, McIntire School of Commerce, continues to provide readers with information and procedures that enable them to master financial calculators while simultaneously gaining a deeper understanding of financial mathematics. The sixth edition has been revised for better readability and to reflect the introduction of the TI-84 Plus, the latest entry in Texas Instrument's line of programmable calculators. Numerous problems have also been changed and/or updated to better reflect current market conditions. 0aAccounting